| 000 | 00000cam 2200000zi 4500 |
| 001 | 9.963303 |
| 003 | CaOODSP |
| 005 | 20260604080912 |
| 006 | m o d f |
| 007 | cr bn||||||||| |
| 008 | 260604e20260603onc ol f000 0 fre d |
| 040 | |aCaOODSP|bfre|erda|cCaOODSP |
| 041 | 0 |aeng|afre |
| 043 | |an-cn--- |
| 086 | 1 |aXB451-280/1-PDF |
| 110 | 1 |aCanada. |bParlement. |bChambre des communes, |eorganisme de publication. |
| 245 | 13|aAn Act to enact the Mental Health, Addictions and Substance Use Services Act and to make consequential amendments to the Federal-Provincial Fiscal Arrangements Act = |bLoi édictant la Loi sur les services en matière de santé mentale, de dépendances ou de consommation de substances et apportant des modifications corrélatives à la Loi sur les arrangements fiscaux entre le gouvernement fédéral et les provinces. |
| 246 | 11|aLoi édictant la Loi sur les services en matière de santé mentale, de dépendances ou de consommation de substances et apportant des modifications corrélatives à la Loi sur les arrangements fiscaux entre le gouvernement fédéral et les provinces |
| 246 | 1 |iTitre abrégé : |aLoi sur la parité en santé mentale |
| 264 | 1|a[Ottawa] : |bHouse of Commons of Canada = Chambre des communes du Canada, |cle 3 juin 2026. |
| 300 | |a1 ressource en ligne (ii, 14 pages). |
| 336 | |atexte|btxt|2rdacontent/fre |
| 337 | |ainformatique|bc|2rdamedia/fre |
| 338 | |aressource en ligne|bcr|2rdacarrier/fre |
| 490 | 1 |aProjet de loi C-... ; |vProjet de loi C-280, 1re session, 45e législature |
| 500 | |a« Première session, quarante-cinquième législature, 3-4 Charles III, 2025-2026. » |
| 500 | |a« Première lecture le 3 juin 2026. » |
| 500 | |a« M. Johns. » |
| 520 | |a« Le texte édicte la Loi sur la parité en santé mentale, laquelle établit les critères et les conditions à respecter pour que le gouvernement du Canada verse une contribution pécuniaire à une province relativement aux services en matière de santé mentale, de dépendances ou de consommation de substances. Il apporte aussi des modifications coorélatives à la Loi sur les arrangements fiscaux entre le gouvernement fédéral et les provinces » -- Sommaire, page ii. |
| 546 | |aTexte en anglais et en français. |
| 610 | 16|aCanada. |tLoi sur les arrangements fiscaux entre le gouvernement fédéral et les provinces. |
| 650 | 6|aRelations fiscales fédérales-provinciales (Canada) |
| 650 | 6|aServices de santé mentale|xFinances|xDroit|zCanada|vLégislation. |
| 650 | 6|aToxicomanie|xHôpitaux|xFinances|xDroit|zCanada|vLégislation. |
| 655 | 7|aProjets de loi|2rvmgf |
| 788 | |tAn Act to enact the Mental Health, Addictions and Substance Use Services Act and to make consequential amendments to the Federal-Provincial Fiscal Arrangements Act = |eeng|w(CaOODSP)9.963302 |
| 830 | #0|aProjet de loi C-...|vProjet de loi C-280, 1re session, 45e législature.|w(CaOODSP)9.500660 |
| 856 | 40|qPDF|s256 Ko|uhttps://publications.gc.ca/collections/collection_2026/parl/XB451-280-1.pdf |
| 856 | 4 |qHTML|sS.O.|uhttps://www.parl.ca/documentviewer/fr/45-1/projet-loi/C-280/premiere-lecture |
| 986 | |a451146 |